000 00555nam a2200193 a 4500
001 000011151
005 20200929162355.0
008 091014s1986 dr a 001 p spa d
040 _aDO-SdBNP
_bspa
_cBNPHU
082 _aU861.44
_bF884p
100 1 _aFresco, Ana María
_926660
245 1 0 _aPerdido cielo /
_cAna María Fresco.
260 _aMontevideo :
_bApex,
_c1986.
300 _a92 p. :
_bil ;
_c18 cm.
650 4 _aPoesía uruguaya
_93846
650 4 _aLiteratura uruguaya
_93054
910 _aValidado. Control de calidad BNPHU
049 _aBNGR
999 _c10876
_d10876